00465nam a2200169Ia 4500003000400000008004100004040001600045082002000061100001800081245006000099700002000159260001900179300004400198650002000242650001600262650001700278GCL140319s9999 xx 000 0 eng d aGCL / cGCL04aVCb791.43bP M1 aTICHY, GERARD10aMADIGAN MILLION : ( VIDEO RECORDING ) / cTICHY, GERARD1 aPRAGER, STANLEY a[S.N] : bNONE a1\2 INCH:bCOL. ؛ c1 FILM ( 135 MIN )04aMOTION PICTURES04aVIDEO TAPES04aACTION FILMS